| 000 | 00416nam a2200145 i 4500 | ||
|---|---|---|---|
| 001 | 59093 | ||
| 003 | ES-MaACL | ||
| 007 | t| | ||
| 008 | 031027s1921 xxk ||||1| eng d | ||
| 100 | 1 |
_aEdser, Edwin. _946657 |
|
| 245 | 1 | 0 |
_aLight for students / _cby Edwin Edser. |
| 260 |
_aLondon : _b[s.n., _c1921] ( _eBungay, Suffolk : _fRichard Clay and Sons) |
||
| 300 |
_aVIII, 579 p. ; _c18 cm. |
||
| 852 |
_aES-MaACL _jG-15904 |
||
| 999 |
_c59093 _d59093 |
||